Meeting celebrado por la Sociedad Unión obrera del Gremio de Albañiles de Madrid el domingo 19 de octubre de 1890 bajo la Presidencia de Don Marcelino Ruiz en el Teatro del Príncipe Alfonso. (Record no. 183832)

MARC details
000 -LEADER
campo de control de longitud fija 00682nam a22001571i 4500
001 - NÚMERO DE CONTROL
campo de control 183832
003 - IDENTIFICADOR DE NÚMERO DE CONTROL
campo de control ES-MaACL
005 - FECHA Y HORA DE LA ÚLTIMA TRANSACCIÓN
campo de control 20230906221958.0
008 - DATOS DE LONGITUD FIJA--INFORMACIÓN GENERAL
campo de control de longitud fija 141022s1890 sp |||| | spa d
110 2# - ENTRADA PRINCIPAL--NOMBRE DE ENTIDAD CORPORATIVA
Nombre de entidad corporativa o nombre de jurisdicción como elemento de entrada Unión Obrera del Gremio de Albañiles de Madrid.
9 (RLIN) 155754
245 10 - MENCIÓN DEL TÍTULO
Título Meeting celebrado por la Sociedad Unión obrera del Gremio de Albañiles de Madrid el domingo 19 de octubre de 1890 bajo la Presidencia de Don Marcelino Ruiz en el Teatro del Príncipe Alfonso.
260 ## - PUBLICACIÓN, DISTRIBUCIÓN, ETC.
Lugar de publicación, distribución, etc. Madrid :
Nombre del editor, distribuidor, etc. [s.n.],
Fecha de publicación, distribución, etc. 1890 (
Fabricante Tip. Manuel Ginés Hernández)
300 ## - DESCRIPCIÓN FÍSICA
Extensión 73 p. ;
Dimensiones 17 cm.
610 24 - PUNTO DE ACCESO ADICIONAL DE MATERIA--NOMBRE DE ENTIDAD CORPORATIVA
Nombre de entidad corporativa o nombre de jurisdicción como elemento de entrada Unión Obrera del Gremio de Albañiles de Madrid.
9 (RLIN) 155754
852 ## - LOCALIZACIÓN
Ubicación ES-MaACL
Número de control de estantería T-602-F-1
Holdings
Estatus retirado Estado de pérdida Estado de daño No para préstamo Colección Biblioteca de origen Biblioteca actual Ubicación en estantería Fecha de adquisición Fuente de adquisición Total de préstamos Signatura topográfica completa Código de barras Visto por última vez Precio de reemplazo Tipo de ítem Koha
        Colección de folletos Biblioteca del Ateneo de Madrid Biblioteca del Ateneo de Madrid Depósito folletos 22/10/2014     T-602-F-1 1193281 23/02/2023 23/02/2023 Folleto